书目信息 |
| 题名: |
湿陷性黄土高填方地基处理技术及其边坡稳定性
|
|
| 作者: | 梅源 , 胡长明 著 | |
| 分册: | ||
| 出版信息: | 北京 中国建筑工业出版社 2016 |
|
| 页数: | 128页 | |
| 开本: | 26cm | |
| 丛书名: | ||
| 单 册: | ||
| 中图分类: | TU472 | |
| 科图分类: | ||
| 主题词: | 湿陷性黄土--地基处理--研究 | |
| 电子资源: | ||
| ISBN: | 978-7-112-19602-9 | |
| 000 | 00998nam0 2200253 450 | |
| 001 | 0100004277 | |
| 005 | 20190305082056.36 | |
| 010 | @a978-7-112-19602-9@dCNY28.00 | |
| 100 | @a20160918d2016 em y0chiy50 ea | |
| 101 | 0 | @achi |
| 102 | @aCN@b110000 | |
| 105 | @aa z 000yy | |
| 200 | 1 | @a湿陷性黄土高填方地基处理技术及其边坡稳定性@f梅源,胡长明著 |
| 210 | @a北京@c中国建筑工业出版社@d2016 | |
| 215 | @a128页@c图@d26cm | |
| 300 | @a国家自然科学基金青年科学基金项目 陕西省自然科学基础研究计划青年人才项目 陕西省教育厅专项科研计划项目 西安建筑科技大学科技基金资助项目 西安建筑科技大学科技计划项目联合赞助 | |
| 312 | @a封面英文题名:Collapsible loess foundation treatment slope stability centrifugal model test | |
| 510 | 1 | @aCollapsible loess foundation treatment slope stability centrifugal model test@zeng |
| 606 | 0 | @a湿陷性黄土@x地基处理@x研究 |
| 690 | @aTU472@v5 | |
| 701 | 0 | @a梅源@4著 |
| 701 | 0 | @a胡长明@4著 |
| 801 | 0 | @aCN@c20160515 |
| 905 | @a河南城建学院图书馆@dTU472@eM470 | |
| 湿陷性黄土高填方地基处理技术及其边坡稳定性/梅源,胡长明著.-北京:中国建筑工业出版社,2016 |
| 128页:图;26cm |
| 国家自然科学基金青年科学基金项目 陕西省自然科学基础研究计划青年人才项目 陕西省教育厅专项科研计划项目 西安建筑科技大学科技基金资助项目 西安建筑科技大学科技计划项目联合赞助 |
| ISBN 978-7-112-19602-9:CNY28.00 |
| ● |
| 相关链接 |
|
|
|
正题名:湿陷性黄土高填方地基处理技术及其边坡稳定
索取号:TU472/M470
 
预约/预借
| 序号 | 登录号 | 条形码 | 馆藏地/架位号 | 状态 | 备注 |
| 1 | 1288640 | 212886402 | 建筑库101/101建筑库 97排4列5层/ [索取号:TU472/M470] | 在馆 | |
| 2 | 1288641 | 212886411 | 建筑库101/101建筑库 97排4列5层/ [索取号:TU472/M470] | 在馆 | |
| 3 | 1288642 | 212886420 | 建筑库101/101建筑库 97排4列5层/ [索取号:TU472/M470] | 在馆 | |
| 4 | 1304574 | 213045747 | 建筑库101/101建筑库 97排4列5层/ [索取号:TU472/M470] | 在馆 |